000 01069nam a22002295i 4500
001 162173
003 ES-MaACL
005 20250718063334.0
008 041119s1886 sp |||| | spa d
040 _aCAM
_bspa
_cCAM
100 1 _aPinedo, Carlos
_eaut
_9131168
245 1 0 _aApuntes sobre Correos :
_bprecedidos del Santoral para el año de 1887 de gran utilidad para todas las clases de la sociedad : disposiciones vigentes sobre el Montepío creado el año de 1785 a favor de las viudas y huérfanos de los empleados de Correos y Obras Públicas /
_cpor Carlos Pinedo y José Primo de Rivera.
260 _aMadrid :
_b[s.n.],
_c1886
_f(Imp. de Moreno y Rojas)
300 _a120 páginas ;
_c17 cm.
500 _aEn portada: Año primero
650 7 _aCorreos-
_zEspaña-
_yS.XIX
_9167498
700 1 _aPrimo de Rivera, José.
_eaut
_9131373
852 _aES-MaACL
_cDEPOF
_eEjemplar falto de cub. original
_jT-481-F-3
_xEnc. en un vol. facticio
_xHolandesa
942 _2udc
_cFOLLETOS
_n0
999 _c162173
_d162173